000 00263nam a2200121Ia 4500
100 _aSchildt/ H.
942 _cBK
654 _aComputer
245 _aWindows 95 Programming in C and C++
260 _bOsborne
_aNew York
_c1995
546 _aENGLISH
999 _c27467
_d27467